Quiz o tygrysach - Statystyki

Ogólne statystyki
  • Ten quiz został rozwiązany 8 razy
  • Średni wynik to 5 z 13
Statystyki odpowiedzi
Wskazówka Odpowiedź % Poprawnych
Państwo w którym żyję najwięcej dzikich tygrysów Indie
67%
Podgatunek z największą liczebnością na wolności Tygrys bengalski
67%
Łacińska nazwa tygrysa Panthera tigris
50%
Mieszaniec samca tygrysa i samicy lwa Tyglew
50%
Jedyny obecnie żyjący gatunek tygrysa Tygrys azjatycki
50%
Największy podgatunek Tygrys syberyjski
50%
Rodzaj do którego należy tygrys Lampart
33%
Mieszaniec samca lwa i samicy tygrysa Legrys
33%
Rok napisania tego opisu 1758
17%
Autor pierwszego opisu tygrysa Karol Linneusz
17%
Najbliżej spokrewniony duży kot z tygrysem Pantera mglista
17%
Kategoria zagrożenia do której należy Zagrożony
17%
Nazwa buddyjskiego klasztoru gdzie była prowadzona nielegalna hodowla tygrysów Luangta Bua Yansampanno
0%
Nie znaleziono quizów pasujących do podanych kryteriów
Rozkład punktacji
Procent ludzi z każdym wynikiem
Percentyl według liczby udzielonych odpowiedzi
Twoja historia wyników
Nie rozwiązałeś tego quizu